00474pam a2200169 a 4500020002500000040002300025041001000048082001700058100002100075245007100096250001700167260005500184300001400239365001200253653001600265700002300281 c2175.00 (Hard Cover) aDental College Lib aengh a617.645bSAT aSato, Sadakatsu. aEruption of Permanent Teeth A Color Atlas / c.hTextual Documents a1st ed / b. aMissouri : bIshiyaku Euro America, Inc. , c1990. a446 ; c. a2175.00 aPedodontics aParsons, Patricia.